Correspondencia teórica: cartas sobre problemas literarios
Gardado en:
| Autor Principal: | |
|---|---|
| Formato: | Libro |
| Idioma: | Lingua castelá |
| Publicado: |
Buenos Aires
Mardulce
2017
|
| Edición: | 1a. ed |
| Series: | Ensayo
|
| Subjects: | |
| Tags: |
Engadir etiqueta
Sen Etiquetas, Sexa o primeiro en etiquetar este rexistro!
|
MARC
| LEADER | 00000cam a2200000 a 4500 | ||
|---|---|---|---|
| 001 | UCC3571 | ||
| 003 | CL-VaPUC | ||
| 008 | 180527e20170000ag |||||||||||||||||spa|d | ||
| 020 | |a 9789873731341 | ||
| 082 | 0 | 4 | |a 801 |b FLA |2 21 |
| 100 | 0 | |a Flaubert, Gustave |e author |9 316219 | |
| 245 | 1 | 0 | |a Correspondencia teórica: cartas sobre problemas literarios |
| 250 | |a 1a. ed | ||
| 300 | |a 159 p | ||
| 942 | |c BK | ||
| 945 | |d 20180527 18:33:00 |a arojas | ||
| 260 | |a Buenos Aires |b Mardulce |c 2017 | ||
| 650 | 0 | |a Teoría literaria |9 342621 | |
| 650 | 0 | |a Literatura contemporánea |9 321959 | |
| 650 | 0 | |a Crítica literaria |9 269189 | |
| 650 | 0 | |a Correspondencia |9 258963 | |
| 583 | |a last modification |c 20180527 18:33:00 |k Rodrigo Vera | ||
| 490 | 0 | |a Ensayo | |
| 999 | |c 371265 |d 371263 | ||
| 952 | |0 0 |1 0 |3 erb |4 0 |6 801_000000000000000_FLA_2017 |7 0 |8 A |9 488213 |a BIBART |b BIBART |i 5472547 |o 801 FLA 2017 |p 5472547 |r 2025-03-13 |w 2019-11-24 |y BK |z Catalogado en:20180527 |k ART | ||